banner koha

Electroretinography and immunohistochemistry of retina in rabbits treated with sildenafil citrate (Registro n. 329406)

MARC details
000 -LÍDER
fixed length control field 03529nab a2200325 i 4500
003 - CÓDIGO MARC DA AGÊNCIA CATALOGADORA
Campo de controle BR-BrBNA
005 - DATA E HORA DA ÚLTIMA ATUALIZAÇÃO
Campo de controle 20241223101740.0
008 - CAMPO DE TAMANHO FIXO
fixed length control field 241223b2015 bl.|r|pooa||| 00| 0 eng |
040 ## - FONTE DA CATALOGAÇÃO
Agência catalogadora BR-BrBNA
Idioma da catalogação eng
072 ## - CATEGORIA AGRIS
Código AGRIS L70
Código do objeto 5600
100 ## - ENTRADA PRINCIPAL - NOME PESSOAL
Nome pessoal Amaral, A.V.C.
100 ## - ENTRADA PRINCIPAL - NOME PESSOAL
Nome pessoal Silva, G.A.
100 ## - ENTRADA PRINCIPAL - NOME PESSOAL
Nome pessoal Costa, A.P.A.
100 ## - ENTRADA PRINCIPAL - NOME PESSOAL
Nome pessoal Oliveira, K.S.
100 ## - ENTRADA PRINCIPAL - NOME PESSOAL
Nome pessoal Jordão, P.
100 ## - ENTRADA PRINCIPAL - NOME PESSOAL
Nome pessoal Ribeiro, A.P.
100 ## - ENTRADA PRINCIPAL - NOME PESSOAL
Nome pessoal Renzo, R.
100 ## - ENTRADA PRINCIPAL - NOME PESSOAL
Nome pessoal Laus, J.L.
245 ## - TÍTULO PRINCIPAL
Título principal Electroretinography and immunohistochemistry of retina in rabbits treated with sildenafil citrate
500 ## - NOTA GERAL
Nota geral Publicação online; 16 ref.; 10 illus.; Summaries (En, Pt)
942 ## - ADDED ENTRY ELEMENTS (KOHA)
Koha item type Analítica
520 ## - NOTA DE RESUMO
Nota de conteúdo <br/><br/>ABSTRACT - Sildenafil citrate is a type-5 phosphodiesterase inhibitor (PDE-5), able to inhibit type-6 phosphodiesterase (PDE-6) as well, providing clinical benefits and paraeffects, some of them potentially related to the retina. The effects of the sildenafil on the retrobulbar and retinal circulation were studied in 27 adult male rabbits of the White New Zealand breed. The electric activity of the retina was evaluated before and at the end of the treatments, and immunohistochemistry studies were conducted. An amplitude increase of the b wave was found in the mixed response of cones and rods after 7 days of treatment with sildenafil citrate. However, in the other evaluations and periods, the values did not differ from the basal ones. Through immunohistochemistry, no significant decrease of the expression of PDE-5 and PDE-6 proteins was observed. Based on the results obtained, it is possible to admit that the sildenafil citrate did not change the expression of PDE-5 and PDE-6, neither the electroretinographic activity of the retina of male rabbits of the White New Zealand breed.<br/><br/><br/>Keywords: rabbit, sildenafil citrate, electroretinography, immunohistochemistry
520 ## - NOTA DE RESUMO
Nota de conteúdo <br/><br/>RESUMO - O citrato de sildenafil é um inibidor da fosfodiesterase do tipo 5 (PDE-5), capaz de inibir também a fosfodiesterase do tipo 6 (PDE-6), proporcionando benefícios clínicos e paraefeitos, alguns deles potencialmente relacionados à retina. Foram estudados efeitos do sildenafil sobre a circulação retrobulbar e a retiniana em 27 coelhos machos adultos, da raça Nova Zelândia Branco. Avaliou-se a atividade elétrica da retina antes e ao término dos tratamentos e realizaram-se estudos à imunoistoquímica. Encontrou-se aumento da amplitude da onda b na resposta mista de cones e de bastonetes, após 7 dias de tratamento com citrato de sildenafil. Entretanto, nas demais avaliações e períodos, os valores não divergiram dos basais. Pela imunoistoquímica, não se observou diminuição significativa da expressão das proteínas PDE-5 e PDE-6. Com base nos resultados obtidos, é possível admitir que o citrato de sildenafil não alterou a expressão de PDE-5 e PDE-6, tampouco, a atividade eletrorretinográfica da retina de coelhos machos da raça Nova Zelândia Branco.<br/><br/><br/>Palavras-chave: coelho, citrato de sildenafil, eletrorretinografia, imuno-histoquímica
650 ## - ASSUNTO - THESAGRO
Cabeçalho tópico ou nome geográfico COELHO
650 ## - ASSUNTO - THESAGRO
Cabeçalho tópico ou nome geográfico RETINA
650 ## - ASSUNTO - THESAGRO
Cabeçalho tópico ou nome geográfico VETERINÁRIA
773 0# - ENTRADA ANALÍTICA
Host Biblionumber 1643
Registro do item 315898
Imprenta Belo Horizonte-MG Universidade Federal de Minas Gerais - Escola de Veterinaria 1983
Outro identificador 2024-2263
Título Arquivo Brasileiro de Medicina Veterinária e Zootecnia (Brazil)
ISSN 0102-0935
Colação v. 67(6) p. 1589-1598; (2015)
Número de controle de registro BR2024004238
856 ## - ACESSO E ENDEREÇO ELETRÔNICO
Identificador uniforme de recurso - URI https://www.scielo.br/j/abmvz/a/Jz3MN3gTfdjZZdN7KqFR8ZD/?format=pdf&lang=en

Nenhum exemplar disponível.

BINAGRI

Telefone: (61)3218-2567/2388/3357/2097 - binagri@agro.gov.br

Ministério da Agricultura e Pecuária , Esplanada dos Ministérios, Bloco D, Anexo B, Brasília/DF, CEP: 70.043-900